Valuation of water as a separate resource (Record no. 112119)

MARC details
000 -LEADER
fixed length control field 01154cad a22002415a 4500
001 - CONTROL NUMBER
control field E152567
008 - FIXED-LENGTH DATA ELEMENTS--GENERAL INFORMATION
fixed length control field 110329s2011 xxk f 000 0 eng d
020 ## - INTERNATIONAL STANDARD BOOK NUMBER
International Standard Book Number 9781842196465
035 ## - SYSTEM CONTROL NUMBER
System control number (Sirsi) u152567
041 0# - LANGUAGE CODE
Language code of text/sound track or separate title eng
110 2# - MAIN ENTRY--CORPORATE NAME
Corporate name or jurisdiction name as entry element Royal Institution of Chartered Surveyors
9 (RLIN) 4900
245 00 - TITLE STATEMENT
Title Valuation of water as a separate resource
Remainder of title RICS information paper
Medium [archived]
260 ## - PUBLICATION, DISTRIBUTION, ETC.
Place of publication, distribution, etc. Coventry
Name of publisher, distributor, etc. RICS
Date of publication, distribution, etc. 2011
490 #0 - SERIES STATEMENT
Series statement RICS Information Paper
520 ## - SUMMARY, ETC.
Summary, etc. This paper is the first step in developing an approach in the UK that can assist in placing a value on one of the most essential elements of all, water. It is anticipated that this will evolve over time. As part of the process, it is hoped that stakeholders will contribute and feedback to RICS with a view to developing this.
520 ## - SUMMARY, ETC.
Summary, etc. OUT OF DATE ARCHIVED 23 DECEMBER 2016
521 ## - TARGET AUDIENCE NOTE
Target audience note Advanced
590 ## - LOCAL NOTE (RLIN)
Local note KA
651 #4 - SUBJECT ADDED ENTRY--GEOGRAPHIC NAME
Geographic name United Kingdom
690 ## - LOCAL SUBJECT ADDED ENTRY--TOPICAL TERM (OCLC, RLIN)
Topical term or geographic name as entry element PROPERTY-PROPERTY APPRAISAL AND VALUATION
856 40 - ELECTRONIC LOCATION AND ACCESS
Uniform Resource Identifier <a href="https://www.isurv.com/downloads/download/1281/valuation_of_water_as_a_separate_resource_archived">https://www.isurv.com/downloads/download/1281/valuation_of_water_as_a_separate_resource_archived</a>
Public note archived on isurv (subscription required)
942 ## - ADDED ENTRY ELEMENTS (KOHA)
Suppress in OPAC 0
Source of classification or shelving scheme Dewey Decimal Classification
Holdings
Withdrawn status Lost status Damaged status Not for loan Home library Current library Shelving location Date acquired Total Checkouts Full call number Date last seen Copy number Price effective from Koha item type Source of classification or shelving scheme
        Archives Archives RICS Boxes 24/07/2024   RICS 2011/74 26/07/2024 2 24/07/2024 Archive Dewey Decimal Classification
        Virtual Virtual Online 29/03/2011   isurv 24/07/2024 1 06/08/2019 Online material